UNDERSTANDING PSYCHOLOGY / (Record no. 614660)

000 -LEADER
fixed length control field 00358nam a22001457a 4500
020 ## - INTERNATIONAL STANDARD BOOK NUMBER
Qualifying information PB.
040 ## - CATALOGING SOURCE
Transcribing agency FIZZA ISHAQ
082 ## - DEWEY DECIMAL CLASSIFICATION NUMBER
Classification number 150
Author Mark MORRIS
100 ## - MAIN ENTRY--PERSONAL NAME
Personal name MORRIS,G CHARLES.
9 (RLIN) 130471
245 ## - TITLE STATEMENT
Title UNDERSTANDING PSYCHOLOGY /
Statement of responsibility, etc. CHARLES G. MORRIS.
250 ## - EDITION STATEMENT
Edition statement 3rd ED.
260 ## - PUBLICATION, DISTRIBUTION, ETC.
Name of publisher, distributor, etc. NEW YORK;
Date of publication, distribution, etc. 1996.
Place of publication, distribution, etc. NEW JERSEY,
300 ## - PHYSICAL DESCRIPTION
Extent 348 P. ;
942 ## - ADDED ENTRY ELEMENTS (KOHA)
Source of classification or shelving scheme
Koha item type Book
Holdings
Withdrawn status Lost status Source of classification or shelving scheme Damaged status Not for loan Permanent Location Current Location Date acquired Total Checkouts Full call number Barcode Date last seen Price effective from Koha item type
          NUST Baluchistan Campus (NBC) NUST Baluchistan Campus (NBC) 09/17/2025   150 MORRIS QD-2 09/17/2025 09/17/2025 Book
© 2023 Central Library, National University of Sciences and Technology. All Rights Reserved.